| 000 | 00508nmm a2200181Ia 4500 | ||
|---|---|---|---|
| 008 | 251105s9999||||xx |||||||||||||||||und|| | ||
| 041 | _aspa | ||
| 100 | _aSpitz, Marc | ||
| 245 | 0 |
_aJagger : _b Rebelde, rockero, granuja, trotamundos |
|
| 264 |
_a[Madrid, España] : _bAlba Editorial, _c2012 |
||
| 300 | _a282 páginas | ||
| 490 | _aTrayectos | ||
| 650 | _aBiography | ||
| 700 | _aSpitz, Marc | ||
| 700 | 1 | _a Vilallonga, Elena | |
| 856 | _uhttps://public.digitaliapublishing.com/a/33174 | ||
| 942 | _cCF | ||
| 999 |
_c71674 _d71674 |
||